| 000 | 00753nam a2200253Ia 4500 | ||
|---|---|---|---|
| 003 | OSt | ||
| 005 | 20221005093854.0 | ||
| 006 | a|||||r|||| 00| 0 | ||
| 007 | ta | ||
| 008 | 221004b |||||||| |||| 00| 0 eng d | ||
| 020 |
_a1859735517 (hbk) _c4475.79 |
||
| 024 | _a101797 | ||
| 037 |
_b555, 30/03/2010, Bhagwati Book Seller _cTextual |
||
| 040 |
_aCRL _cCRL _beng |
||
| 041 |
_2eng _aeng |
||
| 082 | _aY7.3, P2 | ||
| 100 |
_aRapport Nigel Ed. _984515 |
||
| 245 | 0 |
_aBritish subjects _b An anthropology of Britain |
|
| 260 |
_aOxford _bBerg UK _c2002 |
||
| 300 |
_axii,340p. _ccm. |
||
| 650 | _aSOCIOLOGY | ||
| 942 |
_hY7.3, P2 _cTEXL _2cc |
||
| 999 |
_c1001045 _d1001045 |
||